Mississippi River Quiz - Statistics

General Stats
  • This quiz has been taken 32 times
  • The average score is 10 of 10
Answer Stats
State % Correct
Arkansas
100%
Illinois
100%
Louisiana
100%
Mississippi
100%
Missouri
100%
Minnesota
96%
Wisconsin
96%
Tennessee
89%
Iowa
86%
Kentucky
86%
No matching quizzes found
Score Distribution
Percent of People with Each Score
Percentile by Number Answered
Your Score History
You have not taken this quiz